| 000 | 00796cab a2200193 4500 | ||
|---|---|---|---|
| 001 | ABS37684 | ||
| 008 | 090401t1987 xxu||||| |||| 00| 0 eng d | ||
| 035 | _a(Sirsi) u6152 | ||
| 041 | _aeng | ||
| 100 | _aJones, C. | ||
| 245 | _aCatching the trout for extra profit | ||
| 260 | _c1987 | ||
| 350 | _a0 | ||
| 490 |
_aCountryland _vMarch 1987, 27(1) |
||
| 520 | _aFish farming is expected to grow at a rate of 10% a year for the next ten years, so by 1999 some 40% of white fish will be grown inland and sold at the farm gate. Advice and information are given on establishing and running a fish farm. Trout is the usual crop but other possibilities are considered. Includes a table giving operating costs of a two tank system. | ||
| 690 | _aRURAL PRACTICE | ||
| 942 | _n0 | ||
| 948 | _c04/03/1997 | ||
| 999 |
_c3695 _d3695 |
||